| 000 | 00604nam a22001817a 4500 | ||
|---|---|---|---|
| 999 |
_c173933 _d173933 |
||
| 005 | 20200312131410.0 | ||
| 010 | _aENG-128014 | ||
| 020 |
_a9789381345474 _c1095.00 |
||
| 035 | _aEN-111546 | ||
| 037 | _bDBAD/PUB | ||
| 082 | _a305.48966 | ||
| 245 |
_aMigration trafficking and gender construction women in transition: _cedited by Roli Misra |
||
| 260 |
_aNew Delhi _bSage Publication India _c2020 |
||
| 270 |
_aB1/1-1 Mohan Cooperative Industrial Area Mathura Road _bNew Delhi _e110044 |
||
| 300 |
_axvii;226p. _c22cm(hb) |
||
| 700 | _aMisra,Roli | ||
| 942 |
_2ddc _cEN _h305.48966 _mMIS |
||